| 000 | 01232nam a22003737a 4500 | ||
|---|---|---|---|
| 003 | EG-ScBUE | ||
| 005 | 20220811123404.0 | ||
| 006 | m||||fq||h 00| 0 | ||
| 008 | 110522s2008 enka f 000 j eng d | ||
| 020 | _a1405862432 | ||
| 020 | _a9781405862431 | ||
| 020 | _a9781405879699 (CD-ROM) | ||
| 040 |
_aEG-ScBUE _beng _erda _cEG-ScBUE _dEG-ScBUE |
||
| 082 | 0 | 4 |
_222 _a428.6 _bSHA |
| 100 | 1 |
_aShakespeare, William, _d1564-1616, _eauthor. _924020 |
|
| 245 | 1 | 0 |
_aMacbeth / _cWilliam Shakespeare ; retold by Anne Collins. |
| 264 | 1 |
_aHarlow, England : _bPearson Education Limited, _c2008. |
|
| 300 |
_a62 pages : _billustrations ; _c20 cm. + _e2 CD |
||
| 336 |
_2rdacontent _atext _btxt |
||
| 336 |
_2rdacontent _asounds _bsnd |
||
| 337 |
_2rdamedia _aunmediated _bn |
||
| 337 |
_2rdamedia _aaudio _bs |
||
| 338 |
_2rdacarrier _avolume _bnc |
||
| 338 |
_2rdacarrier _acomputer disc _bcd |
||
| 490 | 0 |
_aPenguin readers ; _vlevel 4 |
|
| 521 | _aB1: Intermediate | ||
| 600 | 0 | 7 |
_924064 _aMacbeth _cKing of Scotland _d11th cent. _vDrama. _2BUEsh |
| 651 | _2BUEsh | ||
| 653 |
_cMay2011 _bHHUUEENN |
||
| 655 |
_vReading book _934232 |
||
| 700 | 1 |
_aCollins, Anne, _eauthor. |
|
| 942 |
_2ddc _cBB |
||
| 999 |
_c15360 _d15360 |
||